000 00775nam a2200241Ia 4500
003 OSt
005 20220926010518.0
006 a|||||r|||| 00| 0
007 ta
008 220923b |||||||| |||| 00| 0 eng d
020 _a9788188965553
_c191.25
037 _b205, 10/12/2009, Pranami Book Service
_cGeneral Book
040 _aRTL
_cRTL
_beng
041 _2eng
_aeng
082 _aX9(J:1)OgU287, P8
100 _aShiva Vandana
_926272
245 0 _aSoil not oil
_b Climate change, peak oil, and food insecurity.
260 _a New Delhi
_bWomen Unlimited
_c2008
300 _a156p
_ccm.
650 _aSociology
942 _hX9(J:1)OgU287, P8
_cGB
_2CC
999 _c617453
_d617453